Statistiques concernant Les surnoms des joueurs de football

Cliquez ici pour prendre le quiz!

Statistiques générales

  • Ce quiz a été pris 308 fois
  • Le résultat moyen est 10 sur 16

Statistiques - réponses

SurnomRéponse% Correct
CR7Cristiano Ronaldo
99%
La PulgaLionel Messi
97%
El FenomenoRonaldo
95%
La PiochePaul Pogba
88%
Super MarioMario Balotelli
76%
El MatadorEdinson Cavani
75%
Le RoiPelé
69%
Le Divin ChauveFabien Barthez
61%
El TigreRadamel Falcao
50%
El NiñoFernando Torres
46%
KaiserFranz Beckenbauer
46%
El DiezDiego Maradona
42%
Le PrésidentLaurent Blanc
35%
El ApacheCarlos Tevez
33%
El FlacoJavier Pastore
32%
El SalvadorJohan Cruyff
8%

Distribution des résultats

Percentile par nombre de réponses

% des personnes avec chaque résultat

Votre développement - résultats

Vous n’avez pas pris ce quiz